Aplikácia teórie obnovy na zložité elektronické systémy : Výskumná správa 1/83 č.ú. P03-11-403

Gespeichert in:
Bibliographische Detailangaben
1. Verfasser: Krajčušková, Zuzana, 1952- (Verfasst von)
Weitere Verfasser: Židek, František (Leitung des Forschungsteams)
Format: Buch
Veröffentlicht: Bratislava : SVŠT v Bratislave EF, 1983
Tags: Tag hinzufügen
Keine Tags, Fügen Sie das erste Tag hinzu!

MARC

LEADER 00000nam a22000003a 4500
001 stu236713
005 20150617230124.2
008 111018s1983----------------------------d
040 |a STU  |b slo 
041 0
100 1 |a Židek, František  |4 rth  |u E230  |U FEI Fakulta elektrotechniky a informatiky  |T FEI Katedra rádioelektroniky  |U E230  |Y 71 
245 1 |a Aplikácia teórie obnovy na zložité elektronické systémy :  |b Výskumná správa 1/83 č.ú. P03-11-403 
260 |a Bratislava :  |b SVŠT v Bratislave EF,  |c 1983 
300 |a 47 s 
700 1 |a Krajčušková, Zuzana,  |d 1952-  |4 aut  |u E030  |U FEI Fakulta elektrotechniky a informatiky  |T FEI Ústav elektroniky a fotoniky  |X 1993  |U E030  |Y 549  |7 A000001993 
996 |b EVYSK-S-356  |c E*VYSK-S-356  |l E  |s P  |a 0  |w stu236713_0001